[Event "Titled Tuesday 2024.06.25 Early"]
[Site "chess.com INT"]
[Date "2024.06.25"]
[Round "4"]
[White "Samsonkin, Artiom"]
[Black "Aditya, Varun Gampa"]
[Result "1-0"]
[WhiteElo "2363"]
[BlackElo "2277"]
[PlyCount "49"]
[EventDate "2024.06.25"]
[EventType "swiss (blitz)"]
[EventRounds "11"]
[EventCountry "NET"]
[Source "Mark Crowther"]
[SourceDate "2024.07.01"]

1. e4 c5 2. Nf3 Nf6 3. e5 Nd5 4. d4 cxd4 5. Qxd4 e6 6. Be2 Nc6 7. Qe4 d6 8. O-O
Qc7 9. c4 Nb6 10. exd6 Bxd6 11. Nc3 a6 12. Be3 Nd7 13. Nd5 Qb8 14. Rfd1 O-O 15.
Nb6 Nxb6 16. Bxb6 Bc7 17. Bc5 f5 18. Qh4 Re8 19. Ng5 h6 20. Qh5 Bxh2+ 21. Kh1
hxg5 22. Qxe8+ Kh7 23. Qh5+ Kg8 24. Qxh2 Qxh2+ 25. Kxh2 1-0

[Event "Titled Tuesday 2024.06.25 Early"]
[Site "chess.com INT"]
[Date "2024.06.25"]
[Round "5"]
[White "Samsonkin, Artiom"]
[Black "Toropov, P."]
[Result "1-0"]
[WhiteElo "2363"]
[BlackElo "2308"]
[PlyCount "119"]
[EventDate "2024.06.25"]
[EventType "swiss (blitz)"]
[EventRounds "11"]
[EventCountry "NET"]
[Source "Mark Crowther"]
[SourceDate "2024.07.01"]

1. e4 e6 2. d4 d5 3. Nc3 dxe4 4. Nxe4 Nd7 5. Nf3 Ngf6 6. Bd3 Nxe4 7. Bxe4 Nf6
8. Bg5 Be7 9. Bxf6 Bxf6 10. Qd3 Qd6 11. O-O-O Bd7 12. Kb1 Bc6 13. d5 Bxd5 14.
Bxd5 Qxd5 15. Qxd5 exd5 16. Rhe1+ Kf8 17. Rxd5 Rd8 18. Rxd8+ Bxd8 19. Ne5 g6
20. Rd1 Ke7 21. f4 f6 22. Nc4 Ke6 23. Na5 b6 24. Nc6 Be7 25. Re1+ Kd7 26. Rxe7+
Kxc6 27. Kc1 f5 28. c3 a5 29. Kc2 Kd6 30. Rf7 Kc6 31. h4 Re8 32. Kd3 Rd8+ 33.
Ke2 Rd7 34. Rxd7 Kxd7 35. Kd3 Kd6 36. Kd4 c6 37. a4 c5+ 38. Kc4 Kc6 39. g3 h6
40. b3 h5 41. b4 cxb4 42. cxb4 axb4 43. Kxb4 Kc7 44. Kc3 Kc6 45. Kc4 Kd6 46.
Kb5 Kc7 47. Ka6 Kc6 48. Ka7 Kc7 49. Ka8 Kc6 50. Kb8 Kc5 51. Kc7 b5 52. axb5
Kxb5 53. Kd6 Kc4 54. Ke6 Kd4 55. Kf6 Ke4 56. Kxg6 Kf3 57. Kxf5 Kxg3 58. Kg5 Kf3
59. f5 Ke4 60. f6 1-0

[Event "Titled Tuesday 2024.06.25 Early"]
[Site "chess.com INT"]
[Date "2024.06.25"]
[Round "6"]
[White "Dragnev, Valentin"]
[Black "Samsonkin, Artiom"]
[Result "0-1"]
[WhiteElo "2554"]
[BlackElo "2363"]
[PlyCount "62"]
[EventDate "2024.06.25"]
[EventType "swiss (blitz)"]
[EventRounds "11"]
[EventCountry "NET"]
[Source "Mark Crowther"]
[SourceDate "2024.07.01"]

1. e4 c5 2. Nf3 e6 3. d4 cxd4 4. Nxd4 a6 5. a3 Nf6 6. Nc3 Qc7 7. Be3 b5 8. Bd3
Bb7 9. O-O Be7 10. f4 d6 11. Qf3 Nbd7 12. Rae1 O-O 13. Qh3 Rfe8 14. f5 e5 15.
Nf3 d5 16. exd5 Nxd5 17. Nxd5 Bxd5 18. Ng5 Nf6 19. Bf2 h6 20. Ne4 Nxe4 21. Bxe4
Bxe4 22. Rxe4 Qxc2 23. Rxe5 Bf6 24. Rxe8+ Rxe8 25. b3 Rd8 26. Qf3 Rd3 27. Qa8+
Kh7 28. Qxa6 Rxb3 29. a4 Rb2 30. Qb7 Qxf2+ 31. Rxf2 Rb1+ 0-1

[Event "Titled Tuesday 2024.06.25 Early"]
[Site "chess.com INT"]
[Date "2024.06.25"]
[Round "7"]
[White "Samsonkin, Artiom"]
[Black "Ghevondyan, Arman"]
[Result "1-0"]
[WhiteElo "2363"]
[BlackElo "2216"]
[PlyCount "61"]
[EventDate "2024.06.25"]
[EventType "swiss (blitz)"]
[EventRounds "11"]
[EventCountry "NET"]
[Source "Mark Crowther"]
[SourceDate "2024.07.01"]

1. e4 c5 2. Nf3 Nc6 3. Bb5 g6 4. c3 Nf6 5. Qe2 d6 6. d4 cxd4 7. cxd4 a6 8.
Bxc6+ bxc6 9. O-O Bg7 10. Nc3 O-O 11. h3 a5 12. Re1 Ba6 13. Qc2 Qb6 14. Be3 Qb7
15. Qd2 Rfb8 16. b3 Nd7 17. Bh6 Bh8 18. e5 Nf8 19. exd6 exd6 20. Ne4 Ne6 21.
Nxd6 Qd7 22. Ne4 Nxd4 23. Nxd4 Qxd4 24. Qf4 Be5 25. Qf3 Qxa1 26. Rxa1 Bxa1 27.
Nf6+ Kh8 28. Nd7 Rb5 29. Qxc6 Rb7 30. Nc5 Rba7 31. Bg5 1-0

[Event "Titled Tuesday 2024.06.25 Early"]
[Site "chess.com INT"]
[Date "2024.06.25"]
[Round "8"]
[White "Samsonkin, Artiom"]
[Black "Navara, D."]
[Result "1/2-1/2"]
[WhiteElo "2363"]
[BlackElo "2682"]
[PlyCount "95"]
[EventDate "2024.06.25"]
[EventType "swiss (blitz)"]
[EventRounds "11"]
[EventCountry "NET"]
[Source "Mark Crowther"]
[SourceDate "2024.07.01"]

1. e4 c6 2. Nc3 d5 3. Nf3 Bg4 4. h3 Bxf3 5. Qxf3 e6 6. d4 Nf6 7. Bd3 dxe4 8.
Nxe4 Qxd4 9. O-O Nbd7 10. Rd1 Nxe4 11. Bxe4 Qf6 12. Bf4 e5 13. Qg4 Nc5 14. Bg5
h5 15. Qh4 Qe6 16. Bf3 Be7 17. Bxe7 Qxe7 18. Qg3 O-O 19. Bxh5 Rad8 20. Qe3 b6
21. Bf3 Qf6 22. Rxd8 Rxd8 23. Rd1 Rxd1+ 24. Bxd1 Qd6 25. Bf3 Ne6 26. c3 f5 27.
Be2 Nf4 28. Bc4+ Kf8 29. g3 Nxh3+ 30. Kg2 f4 31. Qe4 Ng5 32. Qf5+ Qf6 33. Qc8+
Ke7 34. Qc7+ Ke8 35. Qb8+ Ke7 36. Qxa7+ Kd6 37. Qa3+ Kc7 38. Qa7+ Kd6 39. b4
fxg3 40. Qb8+ Kd7 41. Qb7+ Kd6 42. Qb8+ Kd7 43. Qb7+ Ke8 44. Qc8+ Ke7 45. Qc7+
Ke8 46. Qc8+ Ke7 47. Qc7+ Ke8 48. Qc8+ 1/2-1/2

[Event "Titled Tuesday 2024.06.25 Early"]
[Site "chess.com INT"]
[Date "2024.06.25"]
[Round "9"]
[White "Pranav, V."]
[Black "Samsonkin, Artiom"]
[Result "1-0"]
[WhiteElo "2632"]
[BlackElo "2363"]
[PlyCount "145"]
[EventDate "2024.06.25"]
[EventType "swiss (blitz)"]
[EventRounds "11"]
[EventCountry "NET"]
[Source "Mark Crowther"]
[SourceDate "2024.07.01"]

1. e4 c6 2. Nc3 d5 3. Qe2 dxe4 4. Nxe4 Bf5 5. d3 e6 6. g4 Bg6 7. Nf3 Nd7 8. Bd2
h5 9. gxh5 Bxh5 10. Ng3 Bxf3 11. Qxf3 Ngf6 12. O-O-O Qb6 13. Kb1 Ba3 14. Bc1
O-O-O 15. d4 Bd6 16. h4 Kb8 17. h5 c5 18. dxc5 Bxc5 19. Ne4 Nxe4 20. Qxe4 Nf6
21. Qe5+ Ka8 22. Rxd8+ Rxd8 23. Bg2 Bd4 24. Qg5 Nd5 25. Bxd5 Rxd5 26. Qe7 a6
27. Qxf7 Rb5 28. b3 Rf5 29. Qe8+ Ka7 30. Rd1 Rxf2 31. Qg6 Qc5 32. Qd3 e5 33.
Rd2 Rxd2 34. Bxd2 Qc6 35. c3 Qh1+ 36. Kc2 Bb6 37. Qe2 e4 38. Be3 Bxe3 39. Qxe3+
Ka8 40. Qe2 Ka7 41. c4 Ka8 42. Kc3 Qh3+ 43. Kd4 Qf5 44. a4 Ka7 45. c5 a5 46.
Qe3 Qxh5 47. Qxe4 Qg5 48. Kc4 Qf6 49. Qe3 Qa6+ 50. Kd4 Qf6+ 51. Kc4 Qf7+ 52.
Kb5 Qd7+ 53. Kxa5 Qc6 54. Kb4 Ka8 55. Ka3 Ka7 56. b4 g5 57. b5 Qd5 58. c6+ Ka8
59. cxb7+ Kxb7 60. Kb4 Qd6+ 61. Kc4 g4 62. Qe4+ Kb6 63. Qxg4 Qc5+ 64. Kd3 Qa3+
65. Ke2 Qb2+ 66. Kf3 Qb3+ 67. Kg2 Qb2+ 68. Kg3 Qa3+ 69. Kh4 Qe7+ 70. Kh3 Qe3+
71. Qg3 Qe6+ 72. Kg2 Qa2+ 73. Qf2+ 1-0

[Event "Titled Tuesday 2024.06.25 Early"]
[Site "chess.com INT"]
[Date "2024.06.25"]
[Round "10"]
[White "Samsonkin, Artiom"]
[Black "Gelman, A."]
[Result "1-0"]
[WhiteElo "2363"]
[BlackElo "2403"]
[PlyCount "39"]
[EventDate "2024.06.25"]
[EventType "swiss (blitz)"]
[EventRounds "11"]
[EventCountry "NET"]
[Source "Mark Crowther"]
[SourceDate "2024.07.01"]

1. e4 c5 2. Nf3 e6 3. Nc3 a6 4. d4 cxd4 5. Nxd4 d6 6. Bd3 Nf6 7. Qe2 Be7 8. f4
Qc7 9. e5 dxe5 10. fxe5 Nfd7 11. Bf4 Nc5 12. O-O-O b5 13. Ne4 Nxe4 14. Bxe4 Bb7
15. Nxe6 fxe6 16. Qh5+ Kf8 17. Bxb7 Qxb7 18. Rhf1 Nd7 19. Bh6+ Bf6 20. exf6 1-0

[Event "Titled Tuesday 2024.06.25 Early"]
[Site "chess.com INT"]
[Date "2024.06.25"]
[Round "11"]
[White "Al Tarbosh, W."]
[Black "Samsonkin, Artiom"]
[Result "0-1"]
[WhiteElo "2251"]
[BlackElo "2363"]
[PlyCount "98"]
[EventDate "2024.06.25"]
[EventType "swiss (blitz)"]
[EventRounds "11"]
[EventCountry "NET"]
[Source "Mark Crowther"]
[SourceDate "2024.07.01"]

1. e4 c5 2. Nf3 e6 3. d4 cxd4 4. Nxd4 a6 5. Bd3 Qc7 6. O-O Nf6 7. c4 Nc6 8.
Nxc6 dxc6 9. Nc3 e5 10. Bg5 Be7 11. Qe2 h6 12. Be3 O-O 13. Na4 Be6 14. Bb6 Qc8
15. Nc5 Bg4 16. f3 Bh5 17. Qe3 Bd8 18. Na4 Nd7 19. Bxd8 Qxd8 20. c5 Qe7 21. Bc4
Rad8 22. Rad1 Kh8 23. Kh1 f6 24. h3 Rfe8 25. b4 Nf8 26. Nb6 Bf7 27. Qe2 Ne6 28.
Bxe6 Bxe6 29. a3 Rxd1 30. Rxd1 Rd8 31. Rd2 Rd4 32. Rxd4 exd4 33. Qd2 Qd8 34.
Qd3 Kg8 35. f4 Qc7 36. g3 Bxh3 37. Qxd4 Qe7 38. Kh2 Bg4 39. Nc4 Qf7 40. Nd6
Qh5+ 41. Kg1 Bf3 42. Kf2 Qh1 43. Ke3 Qg1+ 44. Kd3 Be2+ 45. Kc3 Qa1+ 46. Kd2
Qxd4+ 47. Kxe2 Qb2+ 48. Ke3 Qxa3+ 49. Kf2 Qxb4 0-1